| 000 | 00900nam a2200181Ia 4500 | ||
|---|---|---|---|
| 008 | 100921s9999 xx 000 0 und d | ||
| 082 |
_b25838 _a920-2 थ 92 |
||
| 100 | _aजाधव नरेंद्र. | ||
| 245 | _aडॉ.आंबेडकर आर्थिक विचार आणि तत्वज्ञान. | ||
| 260 |
_bसुगावा प्रकाशन, पुणे. _c1992 |
||
| 300 |
_a118 _bरसिक साहित्य,पुणे |
||
| 365 | _b40 | ||
| 520 | _aचरित्र व इतर-डॉ.आंबेडकर. | ||
| 630 | _aडॉ.आंबेडकर आर्थिक विचार आणि तत्वज्ञान. | ||
| 650 | _aचरित्र व इतर-डॉ.आंबेडकर. | ||
| 730 | _aडॉ.आंबेडकर आर्थिक विचार आणि तत्वज्ञान. | ||
| 942 | _cBOOK | ||
| 999 |
_c774951 _d774948 |
||